Competing by Design / The Power of Organizational Architecture (Record no. 6259)
[ view plain ]
| 000 -LEADER | |
|---|---|
| fixed length control field | 01305cam a22002174a 4500 |
| 005 - ΗΜΕΡΟΜΗΝΙΑ ΚΑΙ ΩΡΑ ΤΕΛΕΥΤΑΙΑΣ ΕΝΗΜΕΡΩΣΗΣ | |
| Πεδίο ελέγχου | 20250605164237.0 |
| 008 - FIXED-LENGTH DATA ELEMENTS--GENERAL INFORMATION | |
| Πεδίο ελέγχου σταθερού μήκους | 250528s ||||||||||||||||||||||||d |
| 035 ## - SYSTEM CONTROL NUMBER | |
| System control number | 21191 |
| 020 ## - ISBN | |
| ISBN | 9780195099171 |
| 040 ## - ΠΗΓΗ ΚΑΤΑΛΟΓΟΓΡΑΦΗΣΗΣ | |
| Φορέας πρωτότυπης καταλογογράφησης | MC Athens Campus Library |
| Γλώσσα καταλογογράφησης | Ελληνικά, Μοντέρνα (1453-) |
| Modifying agency | MC Athens Campus Library |
| Κανόνες περιγραφικής καταλογογράφησης | AACR2 |
| 245 1# - ΤΙΤΛΟΣ ΚΑΙ ΔΗΛΩΣΗ ΥΠΕΥΘΥΝΟΤΗΤΑΣ | |
| Τίτλος | Competing by Design / The Power of Organizational Architecture |
| 260 ## - PUBLICATION, DISTRIBUTION, ETC. | |
| Name of publisher, distributor, etc. | Oxford University Press, |
| Date of publication, distribution, etc. | 1997 |
| 300 ## - PHYSICAL DESCRIPTION | |
| Extent | 242 |
| 505 0# - FORMATTED CONTENTS NOTE | |
| Formatted contents note | A Blueprint for Change, Mapping the Organizational Terrain, The Principles of Design, The Crucial Design Issues, Choosing a Basic Structure - Strategic Groups, Coordinating Work - Strategic Linking, Designing at the Enterprise Level, Designing at the Operational Level, A Process for Design, Implementing New Designs, Kowning When to Redesign, The Lessons of Design, Index. |
| 520 ## - SUMMARY, ETC. | |
| Summary, etc. | A Blueprint for Change, Mapping the Organizational Terrain, The Principles of Design, The Crucial Design Issues, Choosing a Basic Structure - Strategic Groups, Coordinating Work - Strategic Linking, Designing at the Enterprise Level, Designing at the Operational Level, A Process for Design, Implementing New Designs, Kowning When to Redesign, The Lessons of Design, Index. |
| 700 1# - ΠΡΟΣΘΕΤΗ ΑΝΑΓΡΑΦΗ--ΦΥΣΙΚΟ ΠΡΟΣΩΠΟ | |
| Personal name | Nadler David A |
| 9 (RLIN) | 2749 |
| 700 1# - ΠΡΟΣΘΕΤΗ ΑΝΑΓΡΑΦΗ--ΦΥΣΙΚΟ ΠΡΟΣΩΠΟ | |
| Personal name | Tushman Michael L |
| 9 (RLIN) | 7218 |
| 942 ## - ADDED ENTRY ELEMENTS (KOHA) | |
| Koha item type | Books |
| Τύπος τεκμηρίου | Βιβλιοθήκη | Τρέχουσα τοποθεσία | Barcode | Αριθμός εισαγωγής | Ημερομηνία απόκτησης | Ταξιθετικό σύμβολο | Αριθμός αντιτύπου | Κατάσταση απόσυρσης | Κατάσταση χαμένου | Κατάσταση κατεστραμμένου | Μη δανεισμός | Σύνολο δανεισμών | Ημερομηνία τελευταίας εμφάνισης | Η τιμή ισχύει από |
|---|---|---|---|---|---|---|---|---|---|---|---|---|---|---|
| Books | MC Athens Campus Library | MC Athens Campus Library | 9780000062581 | 4853 | 05/06/2025 | 658.4/02 NAD | 1 | 05/06/2025 | 05/06/2025 |